000 00450nam a22001577a 4500
020 _a9788120336070
082 _a621.3845 PAL
100 _aPalanivelu, T.G.
245 _aWireless and mobile communication
260 _aNew Delhi, India
_bPHI Learning
_c2009
300 _axii, 276 p.
_bill. ;
500 _aIncludes index.
650 _a1. Mobile communication systems. 2. Wireless communication systems.
700 _aNakkeeran, R.
942 _cBK
999 _c12477
_d12477